00250nam a2200109Ia 4500008004100000082001000041245002500051250000600076300000800082630002500090730002500115090123s9999 xx 000 0 und d b25053 aTHE VISION JULY-1943 a0 a316 aTHE VISION JULY-1943 aTHE VISION JULY-1943